Pays les plus présents à l'Euro (football) - Statistiques

Statistiques générales
  • Ce quiz a été pris 721 fois
  • Le résultat moyen est 9 sur 10
Statistiques - réponses
Participations Meilleure performance Pays % Correct
9 Champion (2 fois) France
100%
12 Champion (3 fois) Allemagne
99%
10 Champion (3 fois) Espagne
99%
9 Champion Italie
98%
7 Champion Portugal
98%
9 Demi-finale Angleterre
94%
9 Champion Pays-Bas
88%
11 Champion Russie
80%
8 Champion Danemark
79%
9 Champion République Tchèque
32%
Aucun quiz correspondant
Distribution des résultats
% des personnes avec chaque résultat
Percentile par nombre de réponses
Votre historique - résultats
Vous n’avez pas pris ce quiz